书目信息 |
| 题名: |
国情
|
|
| 作者: | ;中等职业技术学校政治课教材编写组 编 | |
| 分册: | ||
| 出版信息: | 北京 北京师范大学出版社 1994 |
|
| 页数: | 166页 | |
| 开本: | 19cm | |
| 丛书名: | ||
| 单 册: | ||
| 中图分类: | D647 | |
| 科图分类: | ||
| 主题词: | 爱国主义教育--技术学校--教材 | |
| 电子资源: | ||
| ISBN: | 7-303-03774-8 | |
| 000 | 00810nam0 2200253 450 | |
| 001 | 0100540340 | |
| 005 | 20130820144900.0 | |
| 010 | @a7-303-03774-8@dCNY3.90 | |
| 011 | @a7-303-03774-8 | |
| 100 | @a20021005d1994 em y0chiy0110 ea | |
| 101 | 0 | @achi |
| 102 | @aCN@b110000 | |
| 105 | @ay z 000yy | |
| 106 | @ar | |
| 200 | 1 | @a国情@9Guo Qing @f中等职业技术学校政治课教材编写组编@b专著 |
| 210 | @a北京@c北京师范大学出版社@d1994@h1995印 | |
| 215 | @a166页@d19cm | |
| 300 | @a中等职业技术学校政治课教材 (试用) | |
| 300 | @a国家教育委员会审定 | |
| 606 | 0 | @a爱国主义教育@x技术学校@x教材 |
| 690 | @aD647@v3 | |
| 711 | 02 | @a中等职业技术学校政治课教材编写组@9zhong deng zhi ye ji shu xue xiao zheng zhi ke jiao cai bian xie zu@4编 |
| 801 | 0 | @aCN@bAiZhiMarc@c19960727 |
| 905 | @aBZT@dD647@e15@f2@sD647/15 | |
| 国情/中等职业技术学校政治课教材编写组编.-北京:北京师范大学出版社,1994(1995印) |
| 166页;19cm |
| 中等职业技术学校政治课教材 (试用).-国家教育委员会审定 |
| ISBN 7-303-03774-8:CNY3.90 |
| ● |
| 相关链接 |
|
|
|
正题名:国情
索取号:D647/15
 
预约/预借
| 序号 | 登录号 | 条形码 | 馆藏地/架位号 | 状态 | 备注 |
| 1 | 2000052366 | 2000052366 | 旧书回溯/ [索取号:D647/15] | 在馆 | |
| 2 | 2000052367 | 2000052367 | 旧书回溯/ [索取号:D647/15] | 在馆 |